The shape of things / (Record no. 3054)

MARC details
000 -LEADER
fixed length control field 00883nam a22002777a 4500
001 - CONTROL NUMBER
control field 3054
003 - CONTROL NUMBER IDENTIFIER
control field FISKH
005 - DATE AND TIME OF LATEST TRANSACTION
control field 20250820110657.0
008 - FIXED-LENGTH DATA ELEMENTS--GENERAL INFORMATION
fixed length control field 240201b cb ||||| |||| 00| 0 eng d
020 ## - INTERNATIONAL STANDARD BOOK NUMBER
International Standard Book Number 9780439136662
040 ## - CATALOGING SOURCE
Original cataloging agency FISKH
Language of cataloging eng
Transcribing agency FISKH
Modifying agency FISKH
050 ## - LIBRARY OF CONGRESS CALL NUMBER
Classification number QA445.D63
082 ## - DEWEY DECIMAL CLASSIFICATION NUMBER
Classification number 516.15
100 ## - MAIN ENTRY--PERSONAL NAME
Personal name Dodds, Dayle Ann
245 ## - TITLE STATEMENT
Title The shape of things /
Statement of responsibility, etc. by Dodds, Daylee Ann : illustrated by Lacome, Julie
250 ## - EDITION STATEMENT
Edition statement First Scholastic printing , November 1999
260 ## - PUBLICATION, DISTRIBUTION, ETC.
Place of publication, distribution, etc. New York :
Name of publisher, distributor, etc. Scholastic ,
Date of publication, distribution, etc. 1994
300 ## - PHYSICAL DESCRIPTION
Extent 16 unnumbered pages :
Other physical details color illustrations ;
Dimensions 23 cm .
505 ## - FORMATTED CONTENTS NOTE
Formatted contents note E <br/>
520 ## - SUMMARY, ETC.
Summary, etc. Introduction to shapes and items that are the shapes in the world around children.
521 8# - TARGET AUDIENCE NOTE
Target audience note 200 <br/>
Source Lexile <br/>
521 8# - TARGET AUDIENCE NOTE
Target audience note E <br/>
Source Raz-Plus <br/>
600 ## - SUBJECT ADDED ENTRY--PERSONAL NAME
Source of heading or term shapes
Form subdivision fiction
700 ## - ADDED ENTRY--PERSONAL NAME
Personal name Lacome, Julie
Relator term illustrator
942 ## - ADDED ENTRY ELEMENTS (KOHA)
Source of classification or shelving scheme Dewey Decimal Classification
Koha item type Books
Suppress in OPAC No
Holdings
Withdrawn status Lost status Source of classification or shelving scheme Damaged status Not for loan Collection Home library Current library Shelving location Date acquired Total Checkouts Full call number Barcode Date last seen Date last checked out Copy number Price effective from Koha item type
    Dewey Decimal Classification     Juvenile Fiction Footprints International School Library Network Toul Kork Campus Footprints International School Library Network Toul Kork Campus TK Primary Library Room(4th Floor), Bookcase 7, Shelves 57-60, Dark Green Books 08/20/2025   DOD 516.15 QA445.D63 FISTK02274 08/20/2025   2 08/20/2025 Books
    Dewey Decimal Classification     Juvenile Fiction Footprints International School Library Network Toul Tom Poung Campus Footprints International School Library Network Toul Tom Poung Campus TTP Primary Green Bookshelves 02/01/2024 3 DOD 516.15 QA445.D63 FISBK06344 01/22/2026 01/15/2026 1 02/01/2024 Books